| 000 | 00857nam a2200229 a 4500 | ||
|---|---|---|---|
| 001 | BRCA_1139 | ||
| 005 | 20190320203310.0 | ||
| 008 | 920505s1992 caua---##b---#001-0#eng-# | ||
| 020 | _a0826314082 | ||
| 040 |
_aDLC _cDLC _dDLC |
||
| 050 | 4 |
_aN6502.2 _b.P35 1992 |
|
| 100 | 1 |
_aPalmer, Gabrielle G. _d1938- _93745 |
|
| 245 | 1 | 0 |
_aCambios _bthe spirit of transformation in Spanish colonial art _cessays by Gabrielle Palmer and Donna Pierce. |
| 260 |
_a[Santa Barbara, Calif.] _bSanta Barbara Museum of Art in cooperation with University of New Mexico Press _c1992 |
||
| 300 |
_a149 p. _bil. mapas a color _c29 cm. |
||
| 500 | _aIncluye índice alfabetico | ||
| 504 | _aBibliografía : p. 145-147 | ||
| 650 | 1 | 4 |
_aArte, América Latina _93746 |
| 650 | 1 | 4 |
_aArte colonial español _zAmérica Latina _93747 |
| 700 | 1 |
_aPierce, Donna _d1950- _91488 |
|
| 942 |
_2lcc _cB |
||
| 999 |
_c1016 _d1016 |
||